00789cam a2200229 a 450000100100000000500170001000800410002702000150006804000250008308200240010810000380013224500340017025000110020426000330021530000210024849000340026965000280030365000430033183000430037495201270041799900150054400000146320200929145603.0781013s1967 sp 000 f spa  a8423302431 aDO-SdBNPbspacBNPHU a863.64bM445s, 19671 aMatute, Ana María,d1926-9472414aLos soldados lloran de noche. a2a ed. aBarcelona :bDestino,c1967. a227 p. ;c19 cm.1 aÁrcora y Delfínvvol. 250 4aNovela española91123 4aLiteratura españolaySIGLO XXI94846 0aÁrcora y Delfín ;vvol. 250.94847 001052708MOaGRbGRcHDd2009-09-22iLF1l0o863.64 M445s, 1967p1463-10r2020-06-25w2020-06-25y2ZPréstamo interno c1373d1373